| 000 | 00456nam a2200157Ia 4500 | ||
|---|---|---|---|
| 008 | 210716s2006 xx 000 0 und d | ||
| 020 | _a8131401138 | ||
| 041 | _aeng | ||
| 082 | _a332.7 SILA | ||
| 100 | _aSilva, Amandio F C Da. | ||
| 245 |
_aCredit risk models: new tools of credit risk management. _bNew tools of credit risk management. |
||
| 250 | _a1 | ||
| 260 |
_aHyderabad _bICFAI University Press _c2006 |
||
| 300 | _avi,249 | ||
| 650 | _aFinance | ||
| 999 |
_c202310 _d202310 |
||